Các món ăn Việt Nam
Giới thiệu cách chuẩn bị nguyên liệu, cách làm 126 món ăn và thức uống theo ẩm thực của người Việt Nam
Đã lưu trong:
| Formáid: | Leabhar |
|---|---|
| Teanga: | Undetermined |
| Foilsithe: |
Cà Mau
Nhà xuất bản Cà Mau
2005
|
| Ábhair: | |
| Clibeanna: |
Cuir Clib Leis
Gan Chlibeanna, Bí ar an gcéad duine leis an taifead seo a chlibeáil!
|
| Thư viện lưu trữ: | Trung tâm Học liệu Trường Đại học Cần Thơ |
|---|
| LEADER | 00721nam a2200193Ia 4500 | ||
|---|---|---|---|
| 001 | CTU_93648 | ||
| 008 | 210402s9999 xx 000 0 und d | ||
| 020 | |c 25000 | ||
| 082 | |a 641.5 | ||
| 082 | |b C101 | ||
| 245 | 0 | |a Các món ăn Việt Nam | |
| 245 | 0 | |c Ngọc Anh biên soạn | |
| 260 | |a Cà Mau | ||
| 260 | |b Nhà xuất bản Cà Mau | ||
| 260 | |c 2005 | ||
| 520 | |a Giới thiệu cách chuẩn bị nguyên liệu, cách làm 126 món ăn và thức uống theo ẩm thực của người Việt Nam | ||
| 650 | |a Cooking,Home economics | ||
| 904 | |i Mai Loan (sửa số pl 641.5/A107 thành 641.5/C101) | ||
| 980 | |a Trung tâm Học liệu Trường Đại học Cần Thơ | ||